00427nam a22001577a 450000500170000001000150001702000260003203500140005803700130007208200060008510000170009124500460010826000420015427000520019630000210024820190708154104.0 aENG-125850 a9789386473608c395.00 aEN-109382 bDBAD/PUB aN aRao, Veena S aThe asuras of antariksh /cby Veena S Rao aNew DelhibVistasta Publishing c2019 a2/15, Ansari Road, DaryaganjbNew Delhie110002 a311p.c21cm(pbk)